Wer ist das? - Bilderquiz 1 - Statistiken

Allgemein
  • Dieses Quiz wurde 160 mal gespielt
  • Das Durchschnittsergebnis liegt bei 15 aus 50
Antwortstatistiken
Bildquiz Antwort % Korrekt
Donald Trump
99%
Heidi Klum
96%
Will Smith
91%
Rudi Völler
78%
Sams
77%
Tim Mälzer
77%
Mike Tyson
73%
Xabi Alonso
70%
Ski Aggu
67%
Jackie Chan
63%
Judith Rakers
49%
Michael Schulte
48%
Fergie
42%
Faisal Kawusi
40%
Anastacia
38%
Bärbel Bas
36%
Ash Ketchum
34%
Claus Kleber
33%
Chris Brown
30%
Maggie Smith
30%
Chris Evans
28%
Steve Harvey
25%
Katrin Bauerfeind
22%
Lindsay Lohan
22%
Loreen
20%
Andreas Kieling
17%
Edin Hasanović
17%
Kool Savas
17%
Todd Flanders
15%
Giorgia Meloni
14%
Hanna Secret
14%
Anna Maria Mühe
13%
Marco Rubio
12%
Oliver Burke
12%
Kim is in a mood
10%
Jungkook
9%
Phia Quantius
9%
Dan Schneider
8%
Bernd Clüver
7%
Dilma Rousseff
7%
Jamie Dornan
7%
Daniel Stern
4%
Roberto Martinez
4%
Susanne Klehn
3%
Jacob Grimm
2%
Patrick Schnieder
2%
Howard Carter
1%
Karim Jallow
0%
Tamir Blatt
0%
Whit Johnson
0%
Keine übereinstimmenden Quizze gefunden
Verteilung der Resultate
Anzahl Personen mit jedem Resultat
Perzentil nach korrekt beantworteten Fragen
Ihre Resultats-Entwicklung
Sie haben dieses Quiz noch nicht gespielt